000 00354nam a2200133Ia 4500
008 230312s9999||||xx |||||||||||||| ||und||
082 _a891.4
_bNAS-K
100 _aپیر سیدّ نصیر الدین
245 0 _aخُطباتِ نصیر گیلانی
260 _bMahria naseer
_apakistan
_c2014
300 _a329
650 _aLiterature
942 _cBK
999 _c14737
_d14737